Countries and territories of the Americas by flags - Statistics

General Stats
  • This quiz has been taken 199 times
    192 since last reset
  • The average score is 27 of 62
Answer Stats
Picture Answer % Correct
United States
98%
Canada
91%
Cuba
90%
Mexico
62%
Greenland
60%
Jamaica
60%
Haiti
57%
Bahamas
56%
Puerto Rico
56%
Antigua and Barbuda
55%
Belize
52%
Dominican Republic
52%
Barbados
51%
Grenada
49%
Guatemala
49%
Honduras
49%
Saint Vincent and the Grenadines
49%
Nicaragua
48%
Panama
48%
Saint Kitts and Nevis
48%
Aruba
46%
Brazil
46%
Ecuador
46%
El Salvador
46%
Saint Lucia
46%
Argentina
45%
Bermuda
45%
Chile
45%
Colombia
45%
Costa Rica
45%
Peru
45%
Curaçao
44%
Dominica
44%
Uruguay
44%
US Virgin Islands
44%
Venezuela
44%
Trinidad and Tobago
43%
Kingdom of the Netherlands
41%
Montserrat
41%
Bolivia
40%
Guyana
40%
Paraguay
40%
Anguilla
39%
Bonaire
39%
Kingdom of Denmark
39%
Suriname
39%
British Virgin Islands
38%
Turks and Caicos Islands
35%
Cayman Islands
34%
Martinique
33%
Saba
33%
Saint-Pierre and Miquelon
32%
Falkland Islands
30%
French Guiana
30%
Saint Barthélemy
20%
Sint Eustatius
20%
Saint Martin
16%
Guadaloupe
7%
Minor Outlying Islands
7%
Archipelago of San Andrés, Providencia and Santa Catalina
6%
Sint Marteen
6%
Guantámano Bay
4%
No matching quizzes found
Score Distribution
Percent of People with Each Score
Percentile by Number Answered
Your Score History
You have not taken this quiz since the last reset